| 000 | 00690nam a2200229Ia 4500 | ||
|---|---|---|---|
| 003 | GCL | ||
| 005 | 20240530094748.0 | ||
| 008 | 140319s9999 xx 000 0 ara d | ||
| 020 | _a2085973977 | ||
| 040 |
_aGCL / _cGCL |
||
| 082 | 0 | 4 |
_a330.0962 _bق/ع ع |
| 100 | 1 | _aعبدالمجيد فراج | |
| 245 | 1 | 0 |
_aاحوال مصر / _cعبدالمجيد فراج |
| 250 | _aالاولى | ||
| 260 |
_aالقاهرة : _bدار ايجى مصر ، _c2000 |
||
| 300 |
_a439 ص ؛ _c24 سم |
||
| 650 | 0 | 4 | _aالاقتصاد |
| 650 | 0 | 4 | _aالتنمية الاقتصادية |
| 650 | 0 | 4 | _aمصر - الاحوال الاقتصادية |
| 650 | 0 | 4 | _aمصر - السكان |
| 942 |
_2ddc _cBK |
||
| 999 |
_c864 _d864 |
||